Cashew -nut production in kampongcham province, ផលិតកម្មដំណាំស្វាយចន្ទី ក្នុងខេត្តកំពង់ចាម (Record no. 1426)
[ view plain ]
| 000 -LEADER | |
|---|---|
| fixed length control field | 00428nam a22001217a 4500 |
| 040 ## - CATALOGING SOURCE | |
| Transcribing agency | RUA |
| 082 ## - DEWEY DECIMAL CLASSIFICATION NUMBER | |
| Classification number | ATM.Sp KIM 2003 B059 Or.1 |
| 100 ## - MAIN ENTRY--AUTHOR NAME | |
| Personal name | KIM, PHANNAK. |
| 245 ## - TITLE STATEMENT | |
| Title | Cashew -nut production in kampongcham province, ផលិតកម្មដំណាំស្វាយចន្ទី ក្នុងខេត្តកំពង់ចាម |
| 260 ## - PUBLICATION, DISTRIBUTION, ETC. (IMPRINT) | |
| Place of publication | Phnom Penh |
| Name of publisher | RUA |
| Year of publication | 2003 |
| 300 ## - PHYSICAL DESCRIPTION | |
| Number of Pages | 63p. |
| Other physical details | ill. |
| Dimensions | 29cm. |
| 942 ## - ADDED ENTRY ELEMENTS (KOHA) | |
| Koha item type | ATM.s |
| 952 ## - LOCATION AND ITEM INFORMATION (KOHA) | |
| Withdrawn status [LOCAL, KOHA] | 0 |
| Permanent Location | Date acquired | Koha item type | Lost status | Shelving location | Barcode | Current Location | Full call number |
|---|---|---|---|---|---|---|---|
| Library Block B | 2015-09-28 | ATM.s | B059 | RUA001549 | Library Block B | ATM.Sp KIM 2003 B059 Or.1 |